[Event "GER-chT U20"]
[White "Skabs, Denis"]
[Black "Meyling, Lennart"]
[Site "Muenster"]
[Round "7"]
[Result "1-0"]
[Date "2022.12.30"]
[WhiteElo "2021"]
[BlackElo "2147"]
[PlyCount "56"]
[EventDate "2022.12.26"]
[EventType "team-swiss"]
[EventRounds "7"]
[EventCountry "GER"]
[SourceTitle "CBM 212 Extra"]
[Source "ChessBase"]
[SourceDate "2023.03.31"]
[SourceVersion "1"]
[SourceVersionDate "2023.03.31"]
[SourceQuality "1"]
[WhiteTeam "Brackel"]
[BlackTeam "Hamburger SK"]
[WhiteTeamCountry "GER"]
[BlackTeamCountry "GER"]

1. e4 e5 2. Nc3 d6 3. f4 exf4 4. Nf3 g5 5. g3 g4 6. Nh4 Be7 7. Ng2 f3 8. Ne3 h5 9. h3 Bh4 10. Kf2 Bg5 11. d4 h4 12. hxg4 hxg3+ 13. Kxg3 Rxh1 14. Bb5+ c6 15. Qxh1 cxb5 16. Ned5 Bxc1 17. Rxc1 Na6 18. Nxb5 Be6 19. Qh7 Kf8 20. Rf1 Bxd5 21. exd5 Nc7 22. Rxf3 Qe7 23. Nxc7 Qxc7 24. g5 Qe7 25. g6 f6 26. Qxe7+ Kxe7 27. Rc3 Kd7 28. Rb3 b6 1-0

[Event "GER-chT U20"]
[White "Weigand, Anton"]
[Black "Meyling, Lennart"]
[Site "Kiel"]
[Round "3.3"]
[Result "0-1"]
[Date "2022.07.24"]
[WhiteElo "1919"]
[BlackElo "2097"]
[PlyCount "88"]
[EventDate "2022.07.22"]
[EventType "team-swiss"]
[EventRounds "7"]
[EventCountry "GER"]
[SourceTitle "CBM 209 Extra"]
[Source "ChessBase"]
[SourceDate "2022.09.30"]
[SourceVersion "1"]
[SourceVersionDate "2022.09.30"]
[SourceQuality "1"]
[WhiteTeam "Lehrte"]
[BlackTeam "Hamburger SK"]
[WhiteTeamCountry "GER"]
[BlackTeamCountry "GER"]

1. e4 c5 2. c3 Nf6 3. e5 Nd5 4. Nf3 d6 5. Bc4 Nb6 6. e6 fxe6 7. Bb3 e5 8. Ng5 e6 9. Nxe6 Bxe6 10. Bxe6 Qf6 11. Bh3 Be7 12. 0-0 h5 13. Na3 g5 14. g3 Nc6 15. Nb5 Kd8 16. d4 cxd4 17. cxd4 exd4 18. Re1 g4 19. Bg2 d5 20. Bf4 Rc8 21. Qb3 Rf8 22. a4 a6 23. a5 Nc4 24. Na3 N6xa5 25. Qa4 b5 26. Nxb5 axb5 27. Qxb5 Qc6 28. Rxa5 Qc5 29. Qxc5 Bxc5 30. Rb5 Rf5 31. b3 Nb2 32. Bf1 d3 33. Rc1 Rxf4 34. Rbxc5 Rxc5 35. Rxc5 Rd4 36. Kg2 d2 37. Be2 d1Q 38. Bxd1 Rxd1 39. Rc2 Nd3 40. Ra2 d4 41. Ra5 Ne1+ 42. Kf1 d3 43. Rxh5 Nf3+ 44. Kg2 Rg1# 0-1

[Event "Hamburg-chT Landesliga 2122"]
[White "Meyling, Lennart"]
[Black "Fries Nielsen, Niels Jorgen"]
[Site "Hamburg"]
[Round "7.2"]
[Result "1/2-1/2"]
[Date "2022.05.07"]
[WhiteElo "2089"]
[BlackElo "2295"]
[PlyCount "93"]
[EventDate "2021.10.31"]
[EventType "team-tourn"]
[EventRounds "9"]
[EventCountry "GER"]
[SourceTitle "EXT 2023"]
[Source "ChessBase"]
[SourceDate "2022.10.05"]
[SourceVersion "1"]
[SourceVersionDate "2022.10.05"]
[SourceQuality "1"]
[WhiteTeam "Hamburger SK VI"]
[BlackTeam "Harburg Diagonale"]
[WhiteTeamCountry "GER"]
[BlackTeamCountry "GER"]

1. d4 Nf6 2. c4 c5 3. d5 b5 4. cxb5 a6 5. e3 g6 6. Nc3 d6 7. Nf3 Bg7 8. Be2 0-0 9. 0-0 axb5 10. Bxb5 Ba6 11. Bxa6 Nxa6 12. Rb1 Qa5 13. Bd2 Rfb8 14. a3 Nc7 15. e4 Nd7 16. Qc2 Nb5 17. Nxb5 Qxb5 18. Bc3 Qb3 19. Qxb3 Rxb3 20. Nd2 Rb5 21. Bxg7 Kxg7 22. Rfc1 Ra7 23. Rc3 f5 24. exf5 gxf5 25. Nc4 Nf6 26. Rg3+ Kf7 27. Rg5 Ra4 28. Rc1 Nxd5 29. Rxf5+ Ke6 30. Rf3 Ra8 31. Rd3 Nb6 32. Re1+ Kd7 33. Ne5+ Kc7 34. Nf7 Nc8 35. Re2 Rab8 36. Rdd2 c4 37. Rc2 Rc5 38. f4 Kd7 39. g3 Nb6 40. Red2 Rd5 41. Rxd5 Nxd5 42. Kf2 Rb3 43. Ng5 Ne3 44. Rd2 Ng4+ 45. Kg2 h6 46. Nf3 Ne3+ 47. Kf2 1/2-1/2

[Event "Cattolica Primavera op"]
[White "Meyling, Lennart"]
[Black "Tornay Gomez, Josu"]
[Site "Cattolica"]
[Round "6"]
[Result "0-1"]
[Date "2022.03.19"]
[WhiteElo "2072"]
[BlackElo "2016"]
[PlyCount "64"]
[EventDate "2022.03.16"]
[EventType "swiss"]
[EventRounds "9"]
[EventCountry "ITA"]
[SourceTitle "CBM 207 Extra"]
[Source "ChessBase"]
[SourceDate "2022.05.31"]
[SourceVersion "1"]
[SourceVersionDate "2022.05.31"]
[SourceQuality "1"]

1. d4 f5 2. g3 Nf6 3. Bg2 g6 4. c4 Bg7 5. Nc3 d6 6. Nf3 0-0 7. 0-0 Qe8 8. Re1 Qf7 9. Qd3 Ne4 10. Nxe4 fxe4 11. Qxe4 Nc6 12. Be3 Bf5 13. Qh4 Bf6 14. Ng5 Qg7 15. g4 Bd7 16. Qg3 Nxd4 17. Rac1 c5 18. Ne4 Qf7 19. Nxf6+ Qxf6 20. Bxb7 Rab8 21. Bd5+ e6 22. Bg2 Rxb2 23. Qxd6 Bc8 24. Qxc5 Nxe2+ 25. Rxe2 Rxe2 26. Kf1 Qb2 27. Rd1 Qc2 28. Ra1 Qc3 29. Bd4 Rexf2+ 30. Kg1 Rxg2+ 31. Kxg2 Qf3+ 32. Kg1 Qxg4+ 0-1

[Event "Cattolica Primavera op"]
[White "Ohler, Julius"]
[Black "Meyling, Lennart"]
[Site "Cattolica"]
[Round "7"]
[Result "0-1"]
[Date "2022.03.19"]
[WhiteElo "2097"]
[BlackElo "2072"]
[PlyCount "134"]
[EventDate "2022.03.16"]
[EventType "swiss"]
[EventRounds "9"]
[EventCountry "ITA"]
[SourceTitle "CBM 207 Extra"]
[Source "ChessBase"]
[SourceDate "2022.05.31"]
[SourceVersion "1"]
[SourceVersionDate "2022.05.31"]
[SourceQuality "1"]

1. d4 Nf6 2. c4 e6 3. Nf3 d5 4. Nc3 c6 5. Bg5 h6 6. Bxf6 Qxf6 7. e3 Nd7 8. Qc2 Bd6 9. Bd3 0-0 10. 0-0 Qd8 11. e4 dxc4 12. Bxc4 e5 13. Rad1 exd4 14. Nxd4 Ne5 15. Be2 Qh4 16. f4 Ng4 17. Bxg4 Bxg4 18. Nf3 Qh5 19. e5 Bc5+ 20. Kh1 Rad8 21. Rxd8 Rxd8 22. Ne4 Bxf3 23. Nxc5 Bd1 24. Qf2 Qe2 25. Nxb7 Rd2 26. Qxe2 Bxe2 27. Rb1 Bd3 28. Rc1 Be4 29. Nd6 Bxg2+ 30. Kg1 Bd5 31. Nc8 Rg2+ 32. Kf1 Rxh2 33. Rc3 Rxb2 34. Nxa7 Rxa2 35. Nxc6 Bxc6 36. Rxc6 Ra4 37. Kf2 Rxf4+ 38. Ke3 Ra4 39. e6 fxe6 40. Rxe6 Kh7 41. Kf3 h5 42. Kg3 g6 43. Rb6 Kh6 44. Kh3 h4 45. Rb5 g5 46. Rb8 Kg7 47. Rb6 Rf4 48. Rb5 Kg6 49. Rb6+ Kh5 50. Rb8 Rf3+ 51. Kh2 Rf2+ 52. Kg1 Ra2 53. Rb3 g4 54. Rb5+ Kg6 55. Rb6+ Kf5 56. Rb5+ Kf4 57. Rb4+ Kf3 58. Rb3+ Ke2 59. Rb4 g3 60. Rb3 Rd2 61. Kg2 Kd1+ 62. Kg1 Kc2 63. Ra3 Rd3 64. Ra2+ Kb3 65. Ra1 h3 66. Rc1 Rc3 67. Re1 Kb2 0-1

[Event "Cattolica Primavera op"]
[White "Meyling, Lennart"]
[Black "Ciolek, Andreas"]
[Site "Cattolica"]
[Round "2"]
[Result "0-1"]
[Date "2022.03.17"]
[WhiteElo "2072"]
[BlackElo "2191"]
[PlyCount "44"]
[EventDate "2022.03.16"]
[EventType "swiss"]
[EventRounds "9"]
[EventCountry "ITA"]
[SourceTitle "CBM 207 Extra"]
[Source "ChessBase"]
[SourceDate "2022.05.31"]
[SourceVersion "1"]
[SourceVersionDate "2022.05.31"]
[SourceQuality "1"]

1. d4 Nf6 2. c4 g6 3. Nc3 Bg7 4. e4 d6 5. Be2 0-0 6. Be3 e5 7. d5 Na6 8. h4 Nc5 9. Qc2 c6 10. h5 cxd5 11. cxd5 Qa5 12. h6 Bh8 13. f3 Nh5 14. Rb1 Na6 15. Kf2 f5 16. Nb5 f4 17. Bc5 Ng3 18. Nh3 Nxh1+ 19. Rxh1 Nxc5 20. Nxd6 Bxh3 21. b4 Qxb4 22. gxh3 Nxe4+ 0-1

[Event "GER-chT U20"]
[White "Meyling, Lennart"]
[Black "Bargsten, Justus"]
[Site "Willingen"]
[Round "3"]
[Result "1-0"]
[Date "2021.06.25"]
[WhiteElo "2044"]
[BlackElo "2052"]
[PlyCount "127"]
[EventDate "2021.06.24"]
[EventType "team-swiss"]
[EventRounds "7"]
[EventCountry "GER"]
[SourceTitle "CBM 203 Extra"]
[Source "ChessBase"]
[SourceDate "2021.09.30"]
[SourceVersion "1"]
[SourceVersionDate "2021.09.30"]
[SourceQuality "1"]
[WhiteTeam "Hamburger SK"]
[BlackTeam "Uelzen Post"]
[WhiteTeamCountry "GER"]
[BlackTeamCountry "GER"]

1. d4 Nf6 2. c4 e6 3. Nc3 Bb4 4. Qc2 0-0 5. Bg5 c5 6. dxc5 Qa5 7. Bd2 Qxc5 8. e3 Qc7 9. Bd3 b6 10. a3 Be7 11. Nge2 Bb7 12. f3 Nc6 13. f4 Rac8 14. 0-0-0 Na5 15. Nb5 Qb8 16. Bxa5 bxa5 17. Nec3 d5 18. cxd5 Nxd5 19. Bxh7+ Kh8 20. Be4 Nxe3 21. Qe2 Bxe4 22. Qxe3 Bg6 23. Nd4 Bxa3 24. Rd2 Qb4 25. Nde2 Qb3 26. g4 Rb8 27. Nd1 Rfc8+ 28. Nec3 Qa2 29. Rd8+ Rxd8 30. Nxa2 Rdc8+ 31. Nac3 Bc5 32. Qh3+ Kg8 33. f5 Bh7 34. fxe6 fxe6 35. Re1 a4 36. Kd2 Rd8+ 37. Ke2 Rb4 38. Qh5 Bb6 39. g5 Bf5 40. Ne3 Bd3+ 41. Kf2 Rxb2+ 42. Kg1 Rf8 43. Ncd1 Rb5 44. Qg4 Rff5 45. h4 Rfe5 46. Qxa4 Ba5 47. Qa3 Bc4 48. Qe7 Bd3 49. Rf1 Bxf1 50. Qe8+ Kh7 51. Kxf1 Rb4 52. Ng4 Rf5+ 53. Ke2 Rxg4 54. Qh5+ Kg8 55. Qxg4 Bb6 56. Qc4 Kf7 57. Ne3 Bxe3 58. Qc7+ Kg6 59. Kxe3 a5 60. Qe7 Re5+ 61. Kf4 Rf5+ 62. Kg4 Re5 63. h5+ Kh7 64. h6 1-0

[Event "GER-chT U20"]
[White "Wu, Luka"]
[Black "Meyling, Lennart"]
[Site "Willingen"]
[Round "4"]
[Result "1-0"]
[Date "2021.06.25"]
[WhiteElo "2065"]
[BlackElo "2044"]
[PlyCount "133"]
[EventDate "2021.06.24"]
[EventType "team-swiss"]
[EventRounds "7"]
[EventCountry "GER"]
[SourceTitle "CBM 203 Extra"]
[Source "ChessBase"]
[SourceDate "2021.09.30"]
[SourceVersion "1"]
[SourceVersionDate "2021.09.30"]
[SourceQuality "1"]
[WhiteTeam "Baden-Baden"]
[BlackTeam "Hamburger SK"]
[WhiteTeamCountry "GER"]
[BlackTeamCountry "GER"]

1. e4 d5 2. exd5 Qxd5 3. Nc3 Qd6 4. d4 Nf6 5. Nf3 c6 6. Be2 Bg4 7. h3 Bh5 8. g4 Bg6 9. Ne5 Nbd7 10. Nc4 Qc7 11. Be3 Nd5 12. Qd2 e6 13. a3 Nxe3 14. Nxe3 Nb6 15. h4 h6 16. Bd3 Bxd3 17. Qxd3 0-0-0 18. 0-0-0 g6 19. Qe4 Kb8 20. f4 Bg7 21. Ne2 h5 22. g5 Rd7 23. Rhe1 Rhd8 24. c3 c5 25. dxc5 Qxc5 26. Rxd7 Rxd7 27. Rd1 Rxd1+ 28. Kxd1 Qb5 29. Qc2 Nd5 30. Nxd5 Qxd5+ 31. Qd2 Qxd2+ 32. Kxd2 e5 33. f5 Kc7 34. Kd3 gxf5 35. Ng3 f4 36. Nxh5 Bh8 37. Ke4 Kd6 38. b3 b5 39. Nf6 a5 40. Ng4 Ke6 41. a4 bxa4 42. bxa4 f3 43. Kxf3 e4+ 44. Kxe4 Bxc3 45. Ne3 Bd2 46. Ng2 f5+ 47. Kf3 Kf7 48. Nf4 Kg7 49. Nh3 Kg6 50. Nf4+ Kg7 51. h5 Kh7 52. Nh3 Kg7 53. Ke2 Bc1 54. Kd3 Kf7 55. Kd4 Ke6 56. h6 Bb2+ 57. Ke3 Kf7 58. Nf4 Be5 59. g6+ Kf6 60. g7 Kf7 61. Nd5 Bxg7 62. hxg7 Kxg7 63. Ne7 Kf6 64. Nc6 Ke6 65. Nxa5 Kd5 66. Nb3 Kc4 67. a5 1-0

[Event "GER-ch Net blitz sf"]
[White "Eilers, Stefan"]
[Black "Meyling, Lennart"]
[Site "Playchess.com INT"]
[Round "2"]
[Result "1-0"]
[Date "2021.06.05"]
[WhiteElo "2213"]
[BlackElo "1912"]
[PlyCount "53"]
[EventDate "2021.06.05"]
[EventType "swiss (blitz)"]
[EventRounds "13"]
[EventCountry "GER"]
[SourceTitle "EXT 2023"]
[Source "ChessBase"]
[SourceDate "2022.10.05"]
[SourceVersion "1"]
[SourceVersionDate "2022.10.05"]
[SourceQuality "1"]

1. d4 Nf6 2. Nc3 e6 3. Bf4 b6 4. e4 Bb7 5. Bd3 c5 6. d5 exd5 7. e5 Ng8 8. Nf3 d6 9. Bb5+ Bc6 10. Qxd5 Qd7 11. Bxc6 Nxc6 12. exd6 0-0-0 13. 0-0-0 Nf6 14. Qc4 Kb7 15. h3 Na5 16. Qe2 Qf5 17. Bh2 g6 18. Ne5 Bxd6 19. Nxf7 Bf4+ 20. Kb1 Rxd1+ 21. Rxd1 Re8 22. Qf3+ Ka6 23. Qxf4 Qe6 24. Nd6 Rd8 25. Qe3 Rxd6 26. Bxd6 Qf5 27. Qd3+ 1-0

[Event "GER-ch Net blitz sf"]
[White "Foerster, Erik"]
[Black "Meyling, Lennart"]
[Site "Playchess.com INT"]
[Round "8"]
[Result "1-0"]
[Date "2021.06.05"]
[WhiteElo "2127"]
[BlackElo "1912"]
[PlyCount "101"]
[EventDate "2021.06.05"]
[EventType "swiss (blitz)"]
[EventRounds "13"]
[EventCountry "GER"]
[SourceTitle "EXT 2023"]
[Source "ChessBase"]
[SourceDate "2022.10.05"]
[SourceVersion "1"]
[SourceVersionDate "2022.10.05"]
[SourceQuality "1"]

1. Nf3 Nf6 2. g3 b6 3. Bg2 Bb7 4. 0-0 e6 5. d4 Be7 6. c4 0-0 7. Nc3 d5 8. Ne5 c5 9. cxd5 exd5 10. Bg5 Ne4 11. Bxe7 Qxe7 12. e3 Na6 13. Qg4 f6 14. Nd3 cxd4 15. exd4 Nxc3 16. bxc3 Rac8 17. Rfe1 Qf7 18. Rac1 Rc7 19. Nb4 Rfc8 20. Nxa6 Bxa6 21. Qf5 Bb7 22. Re3 Kh8 23. Rce1 g6 24. Qh3 Kg7 25. Qg4 h5 26. Qf4 Rd7 27. Bh3 f5 28. Qg5 Rcc7 29. Re8 Bc6 30. R1e6 Bb5 31. Rxg6+ Qxg6 32. Rg8+ Kxg8 33. Qxg6+ Kf8 34. Qxf5+ Rf7 35. Qxd5 Bc6 36. Qd8+ Kg7 37. Be6 Rfe7 38. d5 Be8 39. d6 Rxe6 40. dxc7 Bc6 41. Qd1 Bb7 42. Qf1 Re7 43. f3 Rxc7 44. Qd3 Kf7 45. Qd4 Ke7 46. Qe5+ Kd7 47. Qxh5 Rxc3 48. Qh7+ Kc8 49. Qg8+ Kc7 50. Qg7+ Kc6 51. Qxc3+ 1-0

[Event "GER-ch Net blitz sf"]
[White "Michel, Steffen"]
[Black "Meyling, Lennart"]
[Site "Playchess.com INT"]
[Round "4"]
[Result "1/2-1/2"]
[Date "2021.06.05"]
[WhiteElo "2104"]
[BlackElo "1912"]
[PlyCount "176"]
[EventDate "2021.06.05"]
[EventType "swiss (blitz)"]
[EventRounds "13"]
[EventCountry "GER"]
[SourceTitle "EXT 2023"]
[Source "ChessBase"]
[SourceDate "2022.10.05"]
[SourceVersion "1"]
[SourceVersionDate "2022.10.05"]
[SourceQuality "1"]

1. d4 Nf6 2. Nc3 d5 3. Bf4 c5 4. e3 cxd4 5. exd4 e6 6. a3 Be7 7. Nf3 0-0 8. Bd3 a6 9. 0-0 b5 10. Re1 Nbd7 11. Ne5 Nxe5 12. Bxe5 Bb7 13. Re3 Nd7 14. Bf4 Bg5 15. Bxg5 Qxg5 16. Rg3 Qe7 17. Qh5 g6 18. Qh6 e5 19. Ne2 e4 20. Re3 Qf6 21. c3 exd3 22. Rxd3 Rae8 23. Ng3 Qg7 24. Qf4 f5 25. h4 Re6 26. a4 Bc6 27. axb5 Bxb5 28. Rdd1 Rfe8 29. Kh2 Nf6 30. f3 Nd7 31. b3 Nb6 32. h5 Qf6 33. Rac1 Qf7 34. c4 dxc4 35. d5 Re5 36. d6 cxb3 37. Rc7 Bd7 38. Qd4 Rb5 39. Rb1 a5 40. Rb7 Nc4 41. Rxb5 Bxb5 42. Rxb3 Bd7 43. Rc3 Rc8 44. Ne2 Qe6 45. Nf4 Qxd6 46. Rxc4 Qxd4 47. Rxd4 Be8 48. hxg6 hxg6 49. Ne6 Kf7 50. Nd8+ Ke7 51. Nb7 a4 52. Na5 Ra8 53. Nc4 a3 54. Rd1 a2 55. Ra1 Bf7 56. Ne3 Rb8 57. Nc2 Rb1 58. Kg3 Bb3 59. Kf4 Bxc2 60. Rxa2 Bb3 61. Ra7+ Kf6 62. Ra6+ Be6 63. g4 g5+ 64. Kg3 f4+ 65. Kh3 Rb2 66. Rxe6+ Kf7 67. Re7+ Kf6 68. Re6+ Kf7 69. Re7+ Kf8 70. Re5 Rf2 71. Rxg5 Rxf3+ 72. Kh4 Rf1 73. Rf5+ Kg7 74. g5 Kg6 75. Rf6+ Kg7 76. Rc6 f3 77. Kg3 f2 78. Rf6 Rg1+ 79. Kxf2 Rxg5 80. Rf3 Kh6 81. Rg3 Ra5 82. Kf3 Kh5 83. Kg2 Kh4 84. Rf3 Kg4 85. Rd3 Ra2+ 86. Kf1 Kf4 87. Ke1 Ke4 88. Rb3 Kd4 1/2-1/2

[Event "GER-ch Net blitz qual1"]
[White "Meyling, Lennart"]
[Black "Reindl, Arno"]
[Site "Playchess.com INT"]
[Round "8"]
[Result "1/2-1/2"]
[Date "2021.04.24"]
[WhiteElo "1742"]
[BlackElo "2132"]
[PlyCount "137"]
[EventDate "2021.04.24"]
[EventType "swiss (blitz)"]
[EventRounds "11"]
[EventCountry "GER"]
[SourceTitle "CBM 202 Extra"]
[Source "ChessBase"]
[SourceDate "2021.07.31"]
[SourceVersion "1"]
[SourceVersionDate "2021.07.31"]
[SourceQuality "1"]

1. d4 Nf6 2. c4 g6 3. Nc3 d5 4. cxd5 Nxd5 5. e4 Nxc3 6. bxc3 Bg7 7. Nf3 c5 8. Bb5+ Bd7 9. Bxd7+ Qxd7 10. 0-0 0-0 11. Be3 cxd4 12. cxd4 Nc6 13. Rc1 Rac8 14. d5 Ne5 15. Bxa7 Rxc1 16. Qxc1 Ra8 17. Nxe5 Bxe5 18. Qc5 b5 19. Bb6 Rxa2 20. f4 Bd6 21. Qe3 Ra3 22. Qe2 Ra6 23. Bd4 Bb8 24. Rb1 Ba7 25. Qe3 Bxd4 26. Qxd4 Qb7 27. h3 Ra2 28. Qc5 Kg7 29. Rxb5 Qa7 30. Qxa7 Rxa7 31. Kf2 Ra2+ 32. Kf3 Ra3+ 33. Kg4 Re3 34. e5 Rd3 35. Rc5 h6 36. Rc7 Rxd5 37. Rxe7 Kf8 38. Ra7 Rd2 39. g3 Rd3 40. h4 h5+ 41. Kg5 Kg7 42. f5 gxf5 43. e6 Rxg3+ 44. Kxf5 Rf3+ 45. Kg5 Rf1 46. Kxh5 Kf8 47. e7+ Ke8 48. Kg5 Re1 49. Kf6 Re6+ 50. Kg7 Rg6+ 51. Kh7 Re6 52. h5 Re5 53. h6 Re6 54. Rb7 Rd6 55. Kg7 Rg6+ 56. Kh7 Rd6 57. Rc7 Re6 58. Ra7 Rd6 59. Kg7 Rg6+ 60. Kh7 Re6 61. Kh8 Rxh6+ 62. Kg7 Rg6+ 63. Kh7 Re6 64. Kg7 f5 65. Ra5 Rxe7+ 66. Kf6 Rf7+ 67. Ke6 Kf8 68. Rxf5 Rxf5 69. Kxf5 1/2-1/2

[Event "GER-chT Christmas U20"]
[White "Stuelcken, Philipp"]
[Black "Meyling, Lennart"]
[Site "Playchess.com INT"]
[Round "1.4"]
[Result "0-1"]
[Date "2020.12.29"]
[WhiteElo "1459"]
[BlackElo "2044"]
[PlyCount "57"]
[EventDate "2020.12.29"]
[EventType "team-swiss (blitz)"]
[EventRounds "7"]
[EventCountry "GER"]
[SourceTitle "CBM 200 Extra"]
[Source "ChessBase"]
[SourceDate "2021.03.31"]
[SourceVersion "1"]
[SourceVersionDate "2021.03.31"]
[SourceQuality "1"]
[WhiteTeam "Luebeck"]
[BlackTeam "Hamburger SK"]
[WhiteTeamCountry "GER"]
[BlackTeamCountry "GER"]

1. e4 c5 2. Nc3 g6 3. f4 Bg7 4. d3 e6 5. Nf3 d5 6. e5 Ne7 7. Bd2 Nbc6 8. Be2 a6 9. 0-0 b5 10. Be1 0-0 11. Bf2 c4 12. d4 Bd7 13. h4 b4 14. Na4 Nxd4 15. Nxd4 Bxa4 16. h5 Nc6 17. hxg6 hxg6 18. g4 Nxd4 19. Bxd4 f6 20. Kg2 fxe5 21. Bxe5 Bxe5 22. fxe5 Qg5 23. Rh1 Qxe5 24. b3 cxb3 25. axb3 Bb5 26. Bxb5 Qe4+ 27. Kg1 Qe3+ 28. Kg2 Rf2+ 29. Kg1 0-1

[Event "GER-ch Net blitz qual4"]
[White "Boos, Markus"]
[Black "Meyling, Lennart"]
[Site "Playchess.com INT"]
[Round "3"]
[Result "1-0"]
[Date "2020.03.23"]
[WhiteElo "2153"]
[BlackElo "2044"]
[PlyCount "43"]
[EventDate "2020.03.23"]
[EventType "swiss (blitz)"]
[EventRounds "9"]
[EventCountry "GER"]
[SourceTitle "CBM 195 Extra"]
[Source "ChessBase"]
[SourceDate "2020.05.31"]
[SourceVersion "1"]
[SourceVersionDate "2020.05.31"]
[SourceQuality "1"]

1. Nf3 c5 2. g3 g6 3. Bg2 Bg7 4. e4 Nc6 5. 0-0 d6 6. h3 Nf6 7. Re1 0-0 8. c3 e6 9. d4 cxd4 10. cxd4 d5 11. e5 Ne8 12. Nc3 h6 13. Be3 b6 14. Rc1 Ba6 15. Nxd5 Nxd4 16. Nxd4 exd5 17. Nc6 Qd7 18. Bxd5 Rc8 19. Bg2 Qxd1 20. Rexd1 Rc7 21. f4 Bh8 22. Nb8 1-0

[Event "GER-ch Net blitz qual4"]
[White "Meyling, Lennart"]
[Black "Braeutigam, Katerina"]
[Site "Playchess.com INT"]
[Round "2"]
[Result "1-0"]
[Date "2020.03.23"]
[WhiteElo "2044"]
[BlackElo "1696"]
[PlyCount "55"]
[EventDate "2020.03.23"]
[EventType "swiss (blitz)"]
[EventRounds "9"]
[EventCountry "GER"]
[SourceTitle "CBM 195 Extra"]
[Source "ChessBase"]
[SourceDate "2020.05.31"]
[SourceVersion "1"]
[SourceVersionDate "2020.05.31"]
[SourceQuality "1"]

1. d4 Nf6 2. c4 e6 3. Nc3 Bb4 4. Qc2 0-0 5. Bg5 c5 6. dxc5 h6 7. Bd2 Bxc5 8. e3 d5 9. cxd5 Nxd5 10. Nf3 Nb4 11. Qb1 N8c6 12. a3 Nd5 13. Bd3 e5 14. 0-0 Bg4 15. Be4 Nxc3 16. Bxc3 Bxf3 17. Bxf3 Qc7 18. Qe4 Rfe8 19. Rad1 Rad8 20. Bh5 Rf8 21. Rxd8 Rxd8 22. f4 Rf8 23. fxe5 Qb6 24. Qd5 Bxe3+ 25. Kh1 Qc7 26. e6 fxe6 27. Qxe6+ Kh8 28. Rxf8+ 1-0

[Event "GER-ch Net blitz qual1"]
[White "Heinrich, Sebastian"]
[Black "Meyling, Lennart"]
[Site "Playchess.com INT"]
[Round "7"]
[Result "1-0"]
[Date "2020.03.07"]
[WhiteElo "1686"]
[BlackElo "2044"]
[PlyCount "57"]
[EventDate "2020.03.07"]
[EventType "swiss (blitz)"]
[EventRounds "9"]
[EventCountry "GER"]
[SourceTitle "CBM 195 Extra"]
[Source "ChessBase"]
[SourceDate "2020.05.31"]
[SourceVersion "1"]
[SourceVersionDate "2020.05.31"]
[SourceQuality "1"]

1. d4 d5 2. c4 c6 3. Nc3 Nf6 4. Nf3 Bg4 5. cxd5 cxd5 6. Qb3 Qd7 7. Ne5 Qc7 8. Nxg4 Nxg4 9. Nxd5 Qd7 10. Bf4 e5 11. dxe5 Na6 12. Rd1 0-0-0 13. Rc1+ Bc5 14. e4 Kb8 15. Bxa6 Bxf2+ 16. Ke2 Ka8 17. Nc7+ Qxc7 18. Rxc7 b6 19. e6 Bc5 20. Bb7+ Kb8 21. Rxf7+ Bd6 22. Bxd6+ Rxd6 23. Rc1 Nf6 24. e7 Kxb7 25. e8Q+ Rd7 26. Rxd7+ Nxd7 27. Qxd7+ Ka8 28. Rc8+ Rxc8 29. Qxc8# 1-0

[Event "GER-ch Net blitz qual1"]
[White "Henning, Marvin"]
[Black "Meyling, Lennart"]
[Site "Playchess.com INT"]
[Round "1"]
[Result "1-0"]
[Date "2020.03.07"]
[WhiteElo "1987"]
[BlackElo "2044"]
[PlyCount "103"]
[EventDate "2020.03.07"]
[EventType "swiss (blitz)"]
[EventRounds "9"]
[EventCountry "GER"]
[SourceTitle "CBM 195 Extra"]
[Source "ChessBase"]
[SourceDate "2020.05.31"]
[SourceVersion "1"]
[SourceVersionDate "2020.05.31"]
[SourceQuality "1"]

1. e4 c5 2. Na3 d6 3. f4 Nc6 4. Nf3 Bg4 5. Bb5 e6 6. c3 a6 7. Bxc6+ bxc6 8. h3 Bxf3 9. Qxf3 d5 10. 0-0 Bd6 11. d3 Bc7 12. Be3 Bb6 13. Qf2 d4 14. cxd4 cxd4 15. Bd2 Nf6 16. Nc4 Bc7 17. Rac1 0-0 18. Bb4 Re8 19. Bc5 Nh5 20. e5 Qd5 21. Bb6 Rac8 22. Bxc7 Rxc7 23. g4 Nxf4 24. Qxf4 Rb8 25. b3 a5 26. Nd6 Rf8 27. Ne4 a4 28. Qg5 Kh8 29. Rc5 Qd8 30. Qxd8 Rxd8 31. Nd6 axb3 32. Nxf7+ Rxf7 33. Rxf7 bxa2 34. Ra7 h6 35. Rxa2 Rb8 36. Rxc6 Rb3 37. Rxe6 Rxd3 38. Rd6 Rxh3 39. Kg2 Re3 40. e6 d3 41. Rd2 Re4 42. Kf3 Re5 43. R2xd3 Kh7 44. Kf4 Re1 45. Re3 Rf1+ 46. Kg3 h5 47. gxh5 Rg1+ 48. Kh2 Rf1 49. e7 g5 50. e8Q Rf2+ 51. Kg1 Rf6 52. Re7+ 1-0

[Event "GER-ch Net blitz qual1"]
[White "Klemens, Peter"]
[Black "Meyling, Lennart"]
[Site "Playchess.com INT"]
[Round "2"]
[Result "0-1"]
[Date "2020.03.07"]
[WhiteElo "1626"]
[BlackElo "2044"]
[PlyCount "84"]
[EventDate "2020.03.07"]
[EventType "swiss (blitz)"]
[EventRounds "9"]
[EventCountry "GER"]
[SourceTitle "CBM 195 Extra"]
[Source "ChessBase"]
[SourceDate "2020.05.31"]
[SourceVersion "1"]
[SourceVersionDate "2020.05.31"]
[SourceQuality "1"]

1. d4 d5 2. Nf3 Nf6 3. c3 e6 4. Bf4 Bd6 5. Bg3 Nbd7 6. e3 0-0 7. Bd3 Re8 8. Nbd2 e5 9. dxe5 Nxe5 10. Nxe5 Bxe5 11. Nf3 Bd6 12. 0-0 Bxg3 13. hxg3 Bg4 14. Qc2 c6 15. Bf5 Bxf5 16. Qxf5 h6 17. Qc2 Qd6 18. Rad1 Ne4 19. c4 Qc5 20. b3 b5 21. Qb2 bxc4 22. bxc4 Qxc4 23. Rc1 Qa6 24. Nd4 Rab8 25. Qa1 Rec8 26. Nf5 f6 27. Ne7+ Kf7 28. Nxc8 Rxc8 29. a3 Nd2 30. Rfd1 Nb3 31. Qb2 Nxc1 32. Qxc1 Qb5 33. Rd4 Kg8 34. Qc2 Kh8 35. Rh4 c5 36. Qf5 Qc6 37. g4 c4 38. g5 fxg5 39. Qxg5 c3 40. Qe5 c2 41. Rg4 c1Q+ 42. Kh2 Qc7 0-1

[Event "GER-chT U20"]
[White "Dechant, Georg"]
[Black "Meyling, Lennart"]
[Site "Braunschweig"]
[Round "4.1"]
[Result "0-1"]
[Date "2019.12.28"]
[WhiteElo "2065"]
[BlackElo "1955"]
[PlyCount "92"]
[EventDate "2019.12.27"]
[EventType "team-swiss"]
[EventRounds "7"]
[EventCountry "GER"]
[SourceTitle "CBM 194 Extra"]
[Source "ChessBase"]
[SourceDate "2020.03.31"]
[SourceVersion "1"]
[SourceVersionDate "2020.03.31"]
[SourceQuality "1"]
[WhiteTeam "Regensburg Bavaria"]
[BlackTeam "Hamburger SK"]
[WhiteTeamCountry "GER"]
[BlackTeamCountry "GER"]

1. e4 g6 2. d4 Bg7 3. Nc3 d6 4. Be3 a6 5. Qd2 b5 6. 0-0-0 Bb7 7. f3 Nd7 8. a3 Rc8 9. g4 h5 10. g5 c5 11. Kb1 c4 12. Bh3 e6 13. Nge2 Rb8 14. Nf4 Nf8 15. d5 e5 16. Nfe2 Bc8 17. Bxc8 Qxc8 18. Na2 Nd7 19. Qa5 Ne7 20. f4 exf4 21. Bxf4 Ne5 22. Nb4 0-0 23. Qxa6 Qc7 24. Nd4 Ra8 25. Nxb5 Qd7 26. Qxd6 Qxb5 27. Bxe5 Rfd8 28. Qc7 Rd7 29. Qxd7 Qxd7 30. Bxg7 Kxg7 31. Rhf1 c3 32. Rd3 cxb2 33. Rf6 Qg4 34. d6 Qxg5 35. Rf1 Nc8 36. d7 Nb6 37. Nc6 Qg2 38. Rfd1 Nxd7 39. Rxd7 Qxe4 40. Rf1 Qxc6 41. Rfxf7+ Kh6 42. Rh7+ Kg5 43. Rb7 Rxa3 44. h4+ Kxh4 45. Rb4+ Kg5 46. c4 Qh1+ 0-1